[Event "Auckland Trusts op 41st"]
[Site "Auckland"]
[Date "2018.06.03"]
[Round "4"]
[White "Prabhu Kiran, P."]
[Black "Ang, Alphaeus Wei Ern"]
[Result "0-1"]
[WhiteElo "2026"]
[BlackElo "2356"]
[PlyCount "88"]
[EventDate "2018.06.02"]
[EventType "swiss"]
[EventRounds "6"]
[EventCountry "NZL"]
[SourceTitle "EXT 2019"]
[Source "ChessBase"]
[SourceDate "2018.10.10"]
[SourceVersion "1"]
[SourceVersionDate "2018.10.10"]
[SourceQuality "1"]

1. e4 g6 2. d4 Bg7 3. Bd3 Bxd4 4. Nf3 Bg7 5. 0-0 e6 6. Bg5 Ne7 7. Nc3 h6 8. Be3 0-0 9. Qd2 Kh7 10. Bd4 Nbc6 11. Bxg7 Kxg7 12. Rad1 e5 13. Nd5 d6 14. h3 Nxd5 15. exd5 Ne7 16. c4 f5 17. Bc2 Ng8 18. c5 Qf6 19. cxd6 cxd6 20. Qb4 b6 21. Ba4 Bb7 22. Rc1 Rac8 23. Bc6 Bxc6 24. Rxc6 Rxc6 25. dxc6 Rc8 26. Rc1 Rc7 27. Qa4 Ne7 28. b4 e4 29. Ne1 Nd5 30. b5 Qe5 31. Qc4 Nf4 32. Kf1 d5 33. Qb3 d4 34. Qb2 Kf6 35. Rd1 d3 36. Qxe5+ Kxe5 37. f3 Kd4 38. fxe4 fxe4 39. Nc2+ Kc5 40. a4 dxc2 41. Rc1 Kb4 42. Rxc2 Kxa4 43. Rb2 Nd3 44. Rb1 Nb4 0-1

[Event "Chennai op 3rd"]
[Site "Chennai"]
[Date "2011.01.19"]
[Round "3"]
[White "Greenfeld, Alon"]
[Black "Prabhu Kiran, P."]
[Result "1-0"]
[WhiteElo "2557"]
[BlackElo "2121"]
[PlyCount "67"]
[EventDate "2011.01.18"]
[EventType "swiss"]
[EventRounds "11"]
[EventCountry "IND"]
[SourceTitle "CBM 140 Extra"]
[Source "ChessBase"]
[SourceDate "2011.03.01"]
[SourceVersion "1"]
[SourceVersionDate "2011.03.01"]
[SourceQuality "1"]

1. Nf3 Nf6 2. c4 e6 3. g3 d5 4. Bg2 Be7 5. 0-0 0-0 6. d4 c6 7. Qc2 Nbd7 8. Nbd2 h6 9. e4 dxe4 10. Nxe4 Nxe4 11. Qxe4 Nf6 12. Qe2 Bd6 13. Bd2 Rb8 14. Rad1 Bd7 15. Ne5 Qc8 16. Bf4 Bc7 17. Qf3 Qd8 18. Rfe1 Ra8 19. Qb3 Bc8 20. h3 Bxe5 21. dxe5 Nd7 22. Qf3 Qe7 23. Qg4 Kh7 24. Be4+ Kh8 25. Bb1 Re8 26. Qh5 Qf8 27. Bg5 Kg8 28. a3 Nb6 29. Rd4 c5 30. Rg4 Kh8 31. Qxh6+ gxh6 32. Bf6+ Qg7 33. Rxg7 Nd7 34. Rh7+ 1-0